Isu-isu Kontemporari Muslim di Malaysia

Bibliographic Details
Other Authors: Fahrul Irfan Ishak (Editor)
Format: Book
Language:Malay
Published: Shah Alam, Selangor : Oxford Fajar Sdn.Bhd. 2016
Subjects:

MARC

LEADER 00000cam a2200000 7i4500
001 0000028471
005 20241122.0
008 190514 my may
020 |a 9789834716981 
040 |a INS   |b eng   |e rda 
090 0 0 |a BP173.25   |b I88 2016 
245 1 0 |a Isu-isu Kontemporari Muslim di Malaysia   |c Ketua Editor: Fahrul Irfan Ishak 
264 1 |a Shah Alam, Selangor :   |b Oxford Fajar Sdn.Bhd.   |c 2016 
264 4 |c ©2016 
300 |a iv, 196 pages ;   |c 27 cm. 
336 |a text  |2 rdacontent 
337 |a unmediated  |2 rdamedia 
338 |a volume  |2 rdacarrier 
650 0 |a Islam and social problems 
650 0 |a Islam   |x Miscellanea 
700 0 |a Fahrul Irfan Ishak ,   |e editor 
999 |a 1000003732   |b BOOK   |c Open Shelf   |e Default branch 
999 |a 1000003980   |b BOOK   |c Open Shelf   |e Default branch